| 000 | 00447nam a22001577a 4500 | ||
|---|---|---|---|
| 003 | OSt | ||
| 005 | 20230406135605.0 | ||
| 008 | 230406b |||||||| |||| 00| 0 eng d | ||
| 020 | _a978-0-19-442477-6 | ||
| 040 | _cCML | ||
| 082 | _a401.93BAT | ||
| 245 |
_aSOCIOCOGNITIVE PERSPECTIVES ON LANGUAGE USE AND LANGUAGE LEARNING _cBY BASTONE, ROB |
||
| 260 |
_aOXFORD _bOXFORD UNIVERSITY PRESS _c2010 |
||
| 300 | _axiv,252p. | ||
| 942 |
_2ddc _cBK _k401.93 _mBAT |
||
| 999 |
_c4020 _d4020 |
||